Central Library OPAC University of Rajshahi
Normal view MARC view

Entry Topical Term

Number of records used in: 2

001 - CONTROL NUMBER

  • control field: 15976

003 - CONTROL NUMBER IDENTIFIER

  • control field: BD-RjUL

005 - DATE AND TIME OF LATEST TRANSACTION

  • control field: 20250710113245.0

008 - FIXED-LENGTH DATA ELEMENTS

  • fixed length control field: 250710|| aca||aabn | a|a d

040 ## - CATALOGING SOURCE

  • Original cataloging agency: BD-RjUL
  • Transcribing agency: BD-RjUL

150 ## - HEADING--TOPICAL TERM

  • Topical term or geographic name entry element: Tales, Urdu History and criticism

670 ## - SOURCE DATA FOUND

  • Source citation: Work cat.: (BD-RjUL)85170: احمد٫ کلىم الدىن ;; Ahmad, Kalīmuddīn 15975, اردو زبان اور فن داستان گوئى / Urdū zabān aur fann-i dāstān goʼī /, 1977